000
00326 a2200157 4500
001
176553
020
_a
040
_c
Magnum
100
_a
Alencar, Chico
240
1
0
_a
Passos de cruz e luz
_l
por
245
1
0
_a
Passos de cruz e luz
362
0
_a
1899
440
1
_a
Moderna
697
_a
MAGNITO: IJ/CONTOS
942
_c
BK
999
_c
176553
_d
176553